000 00891nam a2200241Ia 4500
003 OSt
005 20220923225234.0
006 a|||||r|||| 00| 0
007 ta
008 220922b |||||||| |||| 00| 0 hin d
024 _a261,045
037 _cTextual
040 _aARTS
_cARTS
_bhin
041 _2hin
_ahin
082 _aO15:gx8:1, 152K0
100 _aमम्मट; सत्यव्रत सिंह, संपा.
_9168543
245 0 _aकाव्यप्रकाशः हिन्दी व्याख्या साहित
246 _aKāvyaprakāshah hindī vyākhyā sāhita
260 _aवाराणसी
_b चौखम्बा विद्याभवन
_c1960
300 _a473i`
_ccm.
942 _hO15:gx8:1, 152K0
_cTEXL
_2CC
999 _c376942
_d376942